Fundamentos de marketing / Charles W. Lamb, Joseph F. Hair y Carl McDaniel (Registro nro. 7081)

Detalles MARC
000 -LEADER
fixed length control field 00607nam a22002171a 4500
001 - CONTROL NUMBER
control field 7081
003 - CONTROL NUMBER IDENTIFIER
control field OSt
005 - DATE AND TIME OF LATEST TRANSACTION
control field 20260204212115.0
008 - FIXED-LENGTH DATA ELEMENTS--GENERAL INFORMATION
fixed length control field 061011s2006||||mx ||||||b||||||||||spa||
020 ## - NUMERO DE LIBRO INTERNACIONAL NORMALIZADO
International Standard Book Number 9706864393
050 ## - LIBRARY OF CONGRESS CALL NUMBER
Classification number 658.809 L165f
100 ## - ASIENTO PRINCIPAL -- NOMBRE PERSONAL
Personal name Lamb, Charles W.
245 ## - TÍTULO PROPIAMENTE DICHO: SUBTÍTULO
Title Fundamentos de marketing / Charles W. Lamb, Joseph F. Hair y Carl McDaniel
250 ## - MENCIÓN DE EDICIÓN
Edition statement 4
264 ## - PRODUCTION, PUBLICATION, DISTRIBUTION, MANUFACTURE, AND COPYRIGHT NOTICE
Place of production, publication, distribution, manufacture México : Thomson
300 ## - PHYSICAL DESCRIPTION
Extensión 590 p
500 ## - GENERAL NOTE
General note Incluye glosario, bibliografía e indice
650 ## - ASIENTO SECUNDARIO DE MATERIA -- TERMINO TEMÁTICO
Termino Temático Como Elemento de Entrada 1.Mercadotecnia - Administración
700 ## - ASIENTO SECUNDARIO -- NOMBRE PERSONAL
Personal name Hair, Joseph F. II.McDaniel, CarlÌ
942 ## - ADDED ENTRY ELEMENTS (KOHA)
Source of classification or shelving scheme Dewey Decimal Classification
Koha item type Libros
Existencias
Withdrawn status Lost status Source of classification or shelving scheme Damaged status Not for loan Current library Date acquired Total Checkouts Full call number Barcode Date last seen Price effective from Koha item type
    Dewey Decimal Classification     Biblioteca UTECO 09/09/2019   658.809 L165F 012214 09/09/2019 09/09/2019 Libros
    Dewey Decimal Classification     Biblioteca UTECO 09/09/2019   658.809 L165F 012215 09/09/2019 09/09/2019 Libros
    Dewey Decimal Classification     Biblioteca UTECO 09/09/2019   658.809 L165F 012216 09/09/2019 09/09/2019 Libros
    Dewey Decimal Classification Descartado para donación   Biblioteca UTECO 09/09/2019   658.809 L165F 012433 09/09/2019 09/09/2019 Libros
    Dewey Decimal Classification     Biblioteca UTECO 09/09/2019   658.809 L165F 016559 09/09/2019 09/09/2019 Libros
    Dewey Decimal Classification Descartado para donación   Biblioteca UTECO 09/09/2019   658.809 L165F 016560 09/09/2019 09/09/2019 Libros
  Faltante/Extraviado Dewey Decimal Classification     Biblioteca UTECO 09/09/2019   658.809 L165F 016561 09/09/2019 09/09/2019 Libros
© 2021 Derechos Reservados UTECO - Teléfono: +1 809-585-2291 - Correo electrónico: biblioteca@uteco.edu.do​  
Código postal 43000 ​​
Dirección: Avenida Universitaria No. 100, 
Cotuí, Provincia Sánchez Ramírez, República Dominicana - RNC: 404-00059-6